[Event "31.Schlosspark-Open"]
[Site "Wiesbaden-Biebrich"]
[Date "2019.08.25"]
[Round "7.1"]
[White "Carow, Johannes"]
[Black "Poetsch, Hagen"]
[Result "1/2-1/2"]
[WhiteElo "2423"]
[BlackElo "2508"]
[PlyCount "65"]
[EventDate "2019.??.??"]
[WhiteTeam "SF Heidesheim"]
[BlackTeam "SC Heusenstamm"]

1. c4 c6 2. Nc3 d5 3. d4 Nf6 4. e3 e6 5. Nf3 Nbd7 6. Qc2 b6 7. Bd3 Bb7 8. O-O
Bd6 9. Rd1 O-O 10. b3 Rc8 11. Qe2 Qe7 12. Bb2 e5 13. dxe5 Nxe5 14. Bf5 Rcd8 15.
cxd5 Nxf3+ 16. Qxf3 cxd5 17. Nb5 Bc5 18. Qg3 a6 19. Qh4 h6 20. Nd4 Rfe8 21. Bd3
Ne4 22. Qxe7 Bxe7 23. Rac1 Rc8 24. Rxc8 Bxc8 25. Rc1 Nc5 26. Be2 Bf6 27. b4 Ne6
28. Bf3 Nxd4 29. Bxd4 Bxd4 30. exd4 Be6 31. h4 Kf8 32. Rc6 Rb8 33. Kh2 1/2-1/2

[Event "31.Schlosspark-Open"]
[Site "Wiesbaden-Biebrich"]
[Date "2019.08.25"]
[Round "7.2"]
[White "Khenkin, Igor"]
[Black "Weber, Samuel"]
[Result "1-0"]
[WhiteElo "2547"]
[BlackElo "2287"]
[PlyCount "119"]
[EventDate "2019.??.??"]
[WhiteTeam "SG Turm Kiel"]
[BlackTeam "SV Oberursel"]

1. d4 Nf6 2. c4 e6 3. Nc3 Bb4 4. e3 Bxc3+ 5. bxc3 d6 6. Bd3 e5 7. f3 c5 8. Ne2
Nc6 9. d5 Ne7 10. e4 Ng6 11. h4 h6 12. h5 Ne7 13. Ng3 Qc7 14. O-O Bd7 15. f4
Bg4 16. Be2 Bxe2 17. Qxe2 Nd7 18. fxe5 Nxe5 19. Bf4 O-O 20. Bxe5 dxe5 21. Qg4
Rad8 22. Rab1 b6 23. a4 Kh8 24. Rb5 Rd6 25. a5 f6 26. Rfb1 Ra8 27. Nf1 Qc8 28.
Qxc8+ Nxc8 29. Ne3 Kg8 30. Nf5 Rd7 31. Kf2 Kf8 32. Ke3 Ke8 33. axb6 axb6 34.
Rxb6 Nxb6 35. Rxb6 Kd8 36. Rb5 Rc8 37. Kd3 Rcc7 38. Rb8+ Rc8 39. Rb5 Rcc7 40.
g3 Rc8 41. Ke3 Rcc7 42. Kf3 Ke8 43. Kg4 Rd8 44. d6 Rcd7 45. Rxc5 Rxd6 46. Nxd6+
Rxd6 47. Rc7 Rd3 48. Rxg7 Rxc3 49. Kf5 Rxc4 50. g4 Rc6 51. Rh7 Ra6 52. Rxh6 Kf7
53. g5 Kg7 54. Rxf6 Ra5 55. h6+ Kh7 56. Rf7+ Kg8 57. g6 Ra6 58. h7+ Kh8 59.
Rf8+ Kg7 60. h8=Q# 1-0

[Event "31.Schlosspark-Open"]
[Site "Wiesbaden-Biebrich"]
[Date "2019.08.25"]
[Round "7.3"]
[White "Gutman, Lev"]
[Black "Milov, Leonid"]
[Result "1/2-1/2"]
[WhiteElo "2412"]
[BlackElo "2455"]
[PlyCount "38"]
[EventDate "2019.??.??"]
[WhiteTeam "SV Lingen"]
[BlackTeam "SC Noris-Tarrasch Nürnberg"]

1. Nf3 c5 2. g3 Nc6 3. d4 cxd4 4. Nxd4 g6 5. Bg2 Bg7 6. Nxc6 bxc6 7. O-O Ba6 8.
Nd2 f5 9. Re1 Nf6 10. c3 O-O 11. Qb3+ Kh8 12. Qa3 Qb6 13. Nb3 Ng4 14. Qc5 Bc4
15. Bg5 Bxb3 16. Qxb6 axb6 17. axb3 Bf6 18. Bd2 d5 19. f4 e6 1/2-1/2

[Event "31.Schlosspark-Open"]
[Site "Wiesbaden-Biebrich"]
[Date "2019.08.25"]
[Round "7.4"]
[White "Haag, Martin"]
[Black "Inkiov, Ventzislav"]
[Result "0-1"]
[WhiteElo "2200"]
[BlackElo "2418"]
[PlyCount "102"]
[EventDate "2019.??.??"]
[WhiteTeam "SC Bonn Beuel"]
[BlackTeam "SC Ötigheim"]

1. c4 Nf6 2. Nc3 e6 3. e4 c5 4. e5 Ng8 5. Nf3 d6 6. exd6 Bxd6 7. d4 Nf6 8. dxc5
Bxc5 9. Qxd8+ Kxd8 10. Be2 Nbd7 11. O-O Ke7 12. Bf4 b6 13. Rad1 Bb7 14. a3 a5
15. Na4 Rhc8 16. Ne5 Nxe5 17. Bxe5 Nd7 18. Nxc5 bxc5 19. Bd6+ Ke8 20. Rd2 a4
21. f4 g6 22. Be5 Nxe5 23. fxe5 Rd8 24. Rfd1 Rxd2 25. Rxd2 Ra6 26. Bd1 Ke7 27.
h4 Bc8 28. Kf2 Bd7 29. Ke3 h6 30. g3 Rb6 31. Rf2 Be8 32. Rd2 f6 33. exf6+ Kxf6
34. Kf4 Ke7 35. Ke4 Bc6+ 36. Ke3 e5 37. Rf2 Rb8 38. Rd2 Rf8 39. Rf2 Rd8 40. Bc2
Rd4 41. Bxg6 Rxc4 42. Rf7+ Ke6 43. Rh7 Rg4 44. Rxh6 Rxg3+ 45. Kf2 Rf3+ 46. Ke2
Rf6 47. Ke3 e4 48. h5 Ke5 49. Rh8 Rf3+ 50. Kd2 e3+ 51. Ke2 Rh3 0-1

[Event "31.Schlosspark-Open"]
[Site "Wiesbaden-Biebrich"]
[Date "2019.08.25"]
[Round "7.5"]
[White "Scholz, Christian"]
[Black "Vakulenko, Oleksandr"]
[Result "1-0"]
[WhiteElo "2372"]
[BlackElo "2144"]
[PlyCount "61"]
[EventDate "2019.??.??"]
[WhiteTeam "SC Hansa Dortmund"]
[BlackTeam "Gambit Kiew"]

1. d4 d5 2. c4 Nc6 3. cxd5 Qxd5 4. e3 e5 5. Nc3 Bb4 6. Bd2 Bxc3 7. bxc3 Nf6 8.
c4 Qd6 9. d5 Ne7 10. f3 Nd7 11. Ne2 f5 12. Nc3 a6 13. Be2 O-O 14. O-O c6 15.
Rb1 cxd5 16. cxd5 b5 17. Nxb5 axb5 18. Bb4 Qxd5 19. Bxe7 Qxd1 20. Rfxd1 Rf7 21.
Bb4 Ba6 22. Rd6 Ra7 23. a4 Rf6 24. axb5 Bc8 25. Bc4+ Kh8 26. Be6 g6 27. Rc6 Kg7
28. Be7 Rxe6 29. Rxe6 Kf7 30. Rc6 Bb7 31. Bc5 1-0

[Event "31.Schlosspark-Open"]
[Site "Wiesbaden-Biebrich"]
[Date "2019.08.25"]
[Round "7.6"]
[White "Ruppert, Wolfgang"]
[Black "Keller, Peter"]
[Result "0-1"]
[WhiteElo "2145"]
[BlackElo "2342"]
[PlyCount "94"]
[EventDate "2019.??.??"]
[WhiteTeam "SC Flörsheim"]
[BlackTeam "SK Bickenbach"]

1. e4 e5 2. Nf3 Nc6 3. Bc4 Bc5 4. d3 Nf6 5. c3 O-O 6. Bb3 d5 7. Nbd2 dxe4 8.
dxe4 Qe7 9. O-O Bg4 10. h3 Bh5 11. Qe2 Bg6 12. g4 Nd8 13. Nh4 Ne6 14. Nf5 Bxf5
15. exf5 Nf4 16. Qf3 Rad8 17. Bc2 h6 18. b4 Bd6 19. Re1 Nh7 20. Ne4 Qh4 21.
Bxf4 exf4 22. Bd3 Rfe8 23. Bf1 Rxe4 24. Qxe4 Ng5 25. Qh1 h5 26. gxh5 Qxh5 27.
Bg2 f3 28. Bf1 Bf4 29. Rad1 Rxd1 30. Rxd1 Ne4 31. Bd3 Nxc3 32. Re1 Bd2 33. Re8+
Kh7 34. Qh2 f6 35. Re7 Nd5 36. Re4 Nc3 37. Rg4 Qe8 38. Qg3 Ne2+ 39. Bxe2 fxe2
40. Rxg7+ Kh8 41. Rg4 e1=Q+ 42. Kg2 Bh6 43. b5 Qd2 44. Qh4 Qd5+ 45. Kh2 Qee5+
46. Rg3 Kh7 47. Qg4 Qxf5 0-1

[Event "31.Schlosspark-Open"]
[Site "Wiesbaden-Biebrich"]
[Date "2019.08.25"]
[Round "7.7"]
[White "Kiefer, Daniel"]
[Black "Stork, Oliver"]
[Result "0-1"]
[WhiteElo "2133"]
[BlackElo "2322"]
[PlyCount "100"]
[EventDate "2019.??.??"]
[WhiteTeam "SF Mainz"]
[BlackTeam "SV Oberursel"]

1. Nf3 Nf6 2. e3 d5 3. c4 e6 4. Nc3 Be7 5. b3 O-O 6. Bb2 c5 7. cxd5 exd5 8. d4
Nc6 9. Be2 Bf5 10. O-O Rc8 11. Rc1 cxd4 12. Nxd4 Bg6 13. Nxc6 bxc6 14. Bf3 Qa5
15. Qe2 Rfd8 16. Rfd1 h6 17. h3 Bd6 18. Qe1 Nh7 19. Na4 Qxe1+ 20. Rxe1 Ng5 21.
Be2 Ne4 22. f3 Ng3 23. Ba6 Rc7 24. Nc5 Re8 25. Bd4 Rce7 26. e4 dxe4 27. Nxe4
Nxe4 28. fxe4 Bxe4 29. Bc5 Bxc5+ 30. Rxc5 Bd5 31. Rxe7 Rxe7 32. Kf2 Kf8 33. g3
Re5 34. g4 Ke7 35. Rc2 Kd6 36. Bd3 a5 37. Bf5 g6 38. Bd3 h5 39. Be2 hxg4 40.
hxg4 Re4 41. Kg3 a4 42. Bc4 Bxc4 43. bxc4 f5 44. gxf5 gxf5 45. Rf2 Ke5 46. Rc2
c5 47. Rc3 Kd4 48. Rc2 Kd3 49. Rf2 f4+ 50. Kf3 Rxc4 0-1

[Event "31.Schlosspark-Open"]
[Site "Wiesbaden-Biebrich"]
[Date "2019.08.25"]
[Round "7.8"]
[White "Ehmann, Thilo"]
[Black "Gundlach, Michael"]
[Result "1-0"]
[WhiteElo "2315"]
[BlackElo "2122"]
[PlyCount "91"]
[EventDate "2019.??.??"]
[WhiteTeam "SF Sasbach"]
[BlackTeam "SF Mainz"]

1. e4 d6 2. d4 Nf6 3. f3 Nbd7 4. c4 e5 5. Nc3 Be7 6. Be3 c6 7. d5 a5 8. Na4 O-O
9. Bd3 Rb8 10. Ba7 Ra8 11. Bf2 Rb8 12. Qb3 Ne8 13. Qd1 g6 14. Qc2 b5 15. dxc6
bxa4 16. cxd7 Bxd7 17. Ne2 Nc7 18. O-O Na6 19. Nc3 Nb4 20. Qe2 Nxd3 21. Qxd3
Rxb2 22. Rab1 Rxb1 23. Rxb1 Bc6 24. Nd5 Qd7 25. h3 Kg7 26. Be3 f5 27. exf5 gxf5
28. f4 Qe6 29. Rd1 Bf6 30. Nc7 Qe7 31. Qxd6 Rc8 32. Qxc6 Rxc7 33. Qd5 exf4 34.
Bf2 Qe4 35. c5 f3 36. gxf3 Qc2 37. Qd6 Re7 38. c6 Kf7 39. Qd5+ Kg7 40. Rf1 Rc7
41. Kh1 Qxc6 42. Rg1+ Kf8 43. Qg8+ Ke7 44. Qxh7+ Ke6 45. Re1+ Kd6 46. Bg3+ 1-0

[Event "31.Schlosspark-Open"]
[Site "Wiesbaden-Biebrich"]
[Date "2019.08.25"]
[Round "7.9"]
[White "Euler, Gerd"]
[Black "Gramb, Marius"]
[Result "1-0"]
[WhiteElo "2263"]
[BlackElo "2130"]
[PlyCount "91"]
[EventDate "2019.??.??"]
[WhiteTeam "SSG Hungen-Lich"]
[BlackTeam "Brühler SK"]

1. e4 c5 2. Nf3 d6 3. d4 cxd4 4. Nxd4 Nf6 5. Nc3 a6 6. f4 Nbd7 7. Be3 g6 8. Qe2
Bg7 9. O-O-O Qc7 10. h3 Nc5 11. Bf2 Ne6 12. f5 Nc5 13. g4 g5 14. h4 h6 15. Bg3
gxh4 16. e5 hxg3 17. exf6 Bxf6 18. Nd5 Bg5+ 19. Kb1 Qd8 20. Nf3 f6 21. Nxg5
fxg5 22. Bg2 Nd7 23. Rh3 Ne5 24. Rxg3 Bd7 25. Re3 Bb5 26. Qe1 Kf7 27. f6 exf6
28. Qb4 Re8 29. b3 Re6 30. Qe4 Kg7 31. Qf5 Re8 32. Be4 Rh8 33. Rc3 Bc6 34. Rf1
Bxd5 35. Bxd5 Nd7 36. Be4 Qe7 37. Rc7 Rhd8 38. Qh7+ Kf8 39. Qh8+ Kf7 40. Qh7+
Kf8 41. Rxd7 Rxd7 42. Qh8+ Kf7 43. Bd5+ Kg6 44. Qxa8 Qe2 45. Qg8+ Rg7 46. Bf7#
1-0

[Event "31.Schlosspark-Open"]
[Site "Wiesbaden-Biebrich"]
[Date "2019.08.25"]
[Round "7.10"]
[White "Chandler, Patrick"]
[Black "Musiolik, David"]
[Result "0-1"]
[WhiteElo "2087"]
[BlackElo "2148"]
[PlyCount "262"]
[EventDate "2019.??.??"]
[WhiteTeam "SC Nied"]
[BlackTeam "SV Worms"]

1. b4 e5 2. Bb2 Bxb4 3. Bxe5 Nf6 4. Nf3 O-O 5. e3 Nc6 6. Bb2 d5 7. c4 h6 8. a3
Be7 9. d4 Bg4 10. Nbd2 Qd7 11. Be2 dxc4 12. Nxc4 Nd5 13. O-O Rfd8 14. Re1 Bf6
15. Ncd2 Rab8 16. h3 Bh5 17. Bf1 a5 18. Rc1 Bg6 19. Qb3 a4 20. Qa2 Na7 21. e4
Nf4 22. d5 Bxb2 23. Qxb2 c6 24. Ne5 Qe7 25. g3 Nh5 26. Nxg6 fxg6 27. Nc4 b5 28.
Ne5 cxd5 29. exd5 Qd6 30. Qd4 Rb7 31. Re3 Nf6 32. Bg2 g5 33. Rd3 b4 34. Nc4 Nb5
35. Qa1 Qf8 36. d6 Ra7 37. axb4 Nxd6 38. Rcd1 Nf7 39. Rxd8 Nxd8 40. b5 a3 41.
b6 Rd7 42. Rb1 Nb7 43. Ne5 Rd2 44. Rf1 Qe7 45. Qc3 Rb2 46. Nc4 Qb4 47. Qxa3
Qxa3 48. Nxa3 Rxb6 49. Nc4 Rb4 50. Rc1 Nd8 51. Ne3 Rb8 52. Rc7 Ne6 53. Re7 Re8
54. Ra7 Rc8 55. Nd5 Nxd5 56. Bxd5 Re8 57. Ra6 Kf7 58. Kg2 Kf6 59. Ba2 Re7 60.
Kf3 Ke5 61. Ke3 Nc5 62. Rc6 Kf5+ 63. Kd4 Ne6+ 64. Kd3 Ke5 65. Ke3 Kf5 66. Bb1+
Ke5 67. Ba2 Kf5 68. Rb6 Nf4+ 69. Kf3 Ne6 70. Bb1+ Kf6 71. Ke4 Ra7 72. Kf3 Re7
73. Kg4 g6 74. Ba2 Re8 75. Bb3 Re7 76. h4 h5+ 77. Kf3 gxh4 78. gxh4 Kf5 79.
Bc2+ Kf6 80. Kg3 Re8 81. Ba4 Re7 82. Bb3 Kf5 83. Rb4 Rc7 84. f3 Kf6 85. Rb6 Re7
86. Kf2 Kf5 87. Bc2+ Kf6 88. Ke3 Re8 89. Ba4 Re7 90. Ke4 Ra7 91. Bb3 Re7 92.
Rd6 Re8 93. Bc4 Re7 94. Kd5 g5 95. Ke4 gxh4 96. Ke3 Kf5 97. Rd5+ Kf6 98. Ra5
Ng5+ 99. Kf2 Nh3+ 100. Kf1 Nf4 101. Kf2 Nh3+ 102. Kf1 Nf4 103. Kg1 Rb7 104. Bf1
Rb2 105. Ra6+ Ke5 106. Ra4 h3 107. Ra1 Kf6 108. Ra5 Kg6 109. Rb5 Rc2 110. Ra5
h2+ 111. Kh1 Rc1 112. Kxh2 Rxf1 113. Kg3 Ne6 114. Ra6 Kf6 115. Kh4 Rh1+ 116.
Kg3 Rd1 117. Kh4 Rd5 118. Rb6 Rf5 119. Ra6 Kf7 120. Rb6 Nf8 121. Kg3 Ng6 122.
Ra6 Kg7 123. Ra3 Kh6 124. Ra4 Kg5 125. Kf2 Ne5 126. Ra3 Kh4 127. Kg2 Ng6 128.
Ra4+ Nf4+ 129. Kf2 Kh3 130. Ra1 Kh2 131. Ke3 Kg3 0-1

[Event "31.Schlosspark-Open"]
[Site "Wiesbaden-Biebrich"]
[Date "2019.08.25"]
[Round "7.11"]
[White "Nagel, Bernhard"]
[Black "Lesny, Florian"]
[Result "1-0"]
[WhiteElo "2228"]
[BlackElo "2086"]
[PlyCount "75"]
[EventDate "2019.??.??"]
[WhiteTeam "Kölner SK Dr. Lasker"]
[BlackTeam "SK Niederbrechen"]

1. c4 c5 2. Nf3 Nc6 3. Nc3 g6 4. e3 Nf6 5. d4 cxd4 6. exd4 d5 7. cxd5 Nxd5 8.
Qb3 Nxc3 9. Bc4 Nd5 10. Bxd5 e6 11. Bxc6+ bxc6 12. O-O Bg7 13. Bf4 O-O 14. Rac1
Ba6 15. Rfe1 Rc8 16. Qe3 Qd5 17. Bh6 Rfd8 18. Bxg7 Kxg7 19. Qa3 Bb5 20. Rc5 Qd7
21. Qc3 f6 22. h4 h5 23. b3 Re8 24. Re3 Re7 25. Qa5 Qb7 26. Qe1 Rce8 27. Qc1
Qd7 28. Qc2 Rd8 29. Qe4 Rc8 30. Ne1 f5 31. Qf4 Rd8 32. Nf3 Qe8 33. Ne5 Rd5 34.
Rg3 Rxe5 35. Qxe5+ Kf7 36. Qf4 Kg7 37. Qg5 Kh7 38. a4 1-0

[Event "31.Schlosspark-Open"]
[Site "Wiesbaden-Biebrich"]
[Date "2019.08.25"]
[Round "7.12"]
[White "Everett, Elijah"]
[Black "Waffenschmidt, Joachim"]
[Result "0-1"]
[WhiteElo "2203"]
[BlackElo "1994"]
[PlyCount "98"]
[EventDate "2019.??.??"]
[WhiteTeam "SF Schöneck"]
[BlackTeam "SV Hofheim"]

1. e4 c5 2. Nf3 d6 3. d4 cxd4 4. Nxd4 Nf6 5. Nc3 a6 6. h3 e5 7. Nde2 Be7 8. g4
b5 9. Bg2 Bb7 10. Ng3 O-O 11. O-O b4 12. Nd5 Nxd5 13. exd5 Nd7 14. Be3 Re8 15.
Qd2 a5 16. a3 Nb6 17. b3 Qc7 18. axb4 axb4 19. Rxa8 Bxa8 20. Ra1 Rb8 21. Qd3
Nc8 22. Be4 g6 23. Ra4 Bh4 24. Bd2 Ne7 25. Rxb4 Rxb4 26. Bxb4 Bxg3 27. Qxg3
Bxd5 28. Qd3 Qc6 29. Bxd5 Nxd5 30. Bd2 Nf6 31. c4 h5 32. f3 hxg4 33. hxg4 Nd7
34. Kg2 Nc5 35. Qe3 Ne6 36. Qe4 Qxe4 37. fxe4 Nc5 38. b4 Nxe4 39. b5 Nc5 40.
Bb4 Nb7 41. b6 Kf8 42. Bxd6+ Nxd6 43. c5 Ke7 44. g5 e4 45. Kf2 e3+ 46. Kf3 Nc4
47. b7 Ne5+ 48. Kxe3 Nc6 49. Ke4 Ke6 0-1

[Event "31.Schlosspark-Open"]
[Site "Wiesbaden-Biebrich"]
[Date "2019.08.25"]
[Round "7.13"]
[White "Jahnel, Guenther"]
[Black "Marzahn, Heiko"]
[Result "1-0"]
[WhiteElo "2188"]
[BlackElo "2041"]
[PlyCount "95"]
[EventDate "2019.??.??"]
[WhiteTeam "FVS ASP Hoyerswerda"]
[BlackTeam "Sfr. Erbach"]

1. d4 f5 2. Nf3 Nf6 3. g3 e6 4. Bg2 Be7 5. O-O d6 6. Nbd2 Nc6 7. c3 O-O 8. b4
Qe8 9. Qb3 Qh5 10. b5 Nd8 11. Qc4 Ne8 12. a4 Kh8 13. Ba3 Rf6 14. Rfe1 g5 15.
Nf1 Rf7 16. a5 a6 17. b6 c6 18. Qb3 Bf6 19. e4 g4 20. N3d2 f4 21. gxf4 Be7 22.
e5 Rxf4 23. Ne4 Nf7 24. Nfg3 Qh4 25. c4 d5 26. Nd2 Rxd4 27. Bxe7 Qxe7 28. Qe3
Rxd2 29. Qxd2 Bd7 30. Qf4 Ng7 31. Qxg4 Rg8 32. Qf4 Rf8 33. Qe3 Qb4 34. Qa3 Qxa3
35. Rxa3 Nh6 36. Bh3 Nhf5 37. Nxf5 Nxf5 38. cxd5 cxd5 39. Bxf5 Rxf5 40. Kg2 Bc6
41. Kg3 Kg7 42. f4 Bb5 43. Rc3 Bc4 44. Rec1 Rf7 45. Kf3 Rd7 46. R3c2 Kf7 47.
Rg1 Re7 48. Rcg2 1-0

[Event "31.Schlosspark-Open"]
[Site "Wiesbaden-Biebrich"]
[Date "2019.08.25"]
[Round "7.14"]
[White "Tischendorf, Michael"]
[Black "Geltz, Noah"]
[Result "1/2-1/2"]
[WhiteElo "2165"]
[BlackElo "2033"]
[PlyCount "37"]
[EventDate "2019.??.??"]
[WhiteTeam "SV Hofheim"]
[BlackTeam "SF HN-Biberach"]

1. d4 Nf6 2. Nc3 d5 3. Bf4 c6 4. e3 Bf5 5. f3 e6 6. g4 Bg6 7. h4 h6 8. Bd3 Bxd3
9. Qxd3 Bd6 10. Nge2 Bxf4 11. Nxf4 Nbd7 12. O-O-O e5 13. dxe5 Nxe5 14. Qe2 Qc7
15. e4 O-O-O 16. exd5 Nexg4 17. Ne6 fxe6 18. Qxe6+ Qd7 19. Qxd7+ 1/2-1/2

[Event "31.Schlosspark-Open"]
[Site "Wiesbaden-Biebrich"]
[Date "2019.08.25"]
[Round "7.15"]
[White "Henrich, Thomas"]
[Black "Bakiev, Diyor"]
[Result "1-0"]
[WhiteElo "2150"]
[BlackElo "2014"]
[PlyCount "93"]
[EventDate "2019.??.??"]
[WhiteTeam "SK Marburg"]
[BlackTeam "Wiesbadener SV"]

1. e4 Nf6 2. e5 Nd5 3. Nf3 d6 4. Bc4 Nb6 5. Bb3 e6 6. d4 dxe5 7. Nxe5 Bd6 8.
Qg4 O-O 9. Bg5 f6 10. Bh4 Kh8 11. Qh5 Bxe5 12. dxe5 Qd4 13. Nc3 Qxe5+ 14. Qxe5
fxe5 15. Nb5 Na6 16. O-O-O Bd7 17. Nc3 Nc5 18. Rhe1 Rf5 19. Bg3 a5 20. Rxe5
Rxe5 21. Bxe5 a4 22. Bxc7 axb3 23. Bxb6 Na4 24. Rxd7 Nxc3 25. a3 Ne2+ 26. Kd2
bxc2 27. Kxc2 Nf4 28. g3 Nd5 29. Bd4 Rc8+ 30. Kd3 Nf6 31. Bxf6 gxf6 32. Rxb7
Kg8 33. a4 Rd8+ 34. Ke3 Rd1 35. a5 Ra1 36. b4 e5 37. Ke4 Ra2 38. f3 Ra3 39. g4
h6 40. Kf5 Rxf3+ 41. Kg6 Kf8 42. a6 e4 43. a7 Ra3 44. Rb8+ Ke7 45. a8=Q Rxa8
46. Rxa8 e3 47. Ra3 1-0

[Event "31.Schlosspark-Open"]
[Site "Wiesbaden-Biebrich"]
[Date "2019.08.25"]
[Round "7.17"]
[White "Hoffmann, Jens"]
[Black "Knoedler, Marcel"]
[Result "1/2-1/2"]
[WhiteElo "2143"]
[BlackElo "1647"]
[PlyCount "119"]
[EventDate "2019.??.??"]
[WhiteTeam "SF HN-Biberach"]
[BlackTeam "FC Bierstadt"]

1. e4 c5 2. Nc3 a6 3. g3 b5 4. Bg2 Bb7 5. d3 e6 6. f4 d5 7. f5 d4 8. fxe6 fxe6
9. Nce2 e5 10. Nf3 Nc6 11. a4 Be7 12. O-O Nf6 13. axb5 axb5 14. Rxa8 Qxa8 15.
c3 Qa2 16. Bh3 O-O 17. Rf2 Bc8 18. Bxc8 Rxc8 19. h3 Rd8 20. cxd4 cxd4 21. Qc2
Nb4 22. Qc7 Nxd3 23. Qxe7 Re8 24. Qb7 Nxf2 25. Kxf2 d3 26. Nc3 Qc4 27. Bg5 Qc5+
28. Kg2 Re7 29. Qa8+ Re8 30. Qb7 Re7 31. Qxb5 Qxb5 32. Nxb5 Rb7 33. Nd6 Rxb2+
34. Nd2 h6 35. Be3 Rc2 36. Kf3 Nd7 37. Kg4 Kf8 38. Kf5 Ke7 39. N6c4 Ra2 40.
Nxe5 Ra5 41. Ndc4 Rb5 42. Bd4 g5 43. h4 Ra5 44. Bc3 Rb5 45. Bb4+ Kd8 46. Bd2
Ke7 47. Bb4+ Kd8 48. Bd2 Ke7 49. hxg5 Nxe5 50. Nxe5 Kd6 51. gxh6 Rxe5+ 52. Kf4
Rh5 53. Ke3 Rxh6 54. Kxd3 Rg6 55. Bf4+ Ke6 56. Ke3 Rg8 57. Kf3 Ra8 58. Kg4 Ra4
59. e5 Ra8 60. Kf3 1/2-1/2

[Event "31.Schlosspark-Open"]
[Site "Wiesbaden-Biebrich"]
[Date "2019.08.25"]
[Round "7.18"]
[White "Reitz, Philipp"]
[Black "Neurohr, Juergen"]
[Result "1/2-1/2"]
[WhiteElo "2061"]
[BlackElo "2127"]
[PlyCount "75"]
[EventDate "2019.??.??"]
[WhiteTeam "VfR-SC Koblenz"]
[BlackTeam "SF Mainz"]

1. e4 e6 2. d4 d5 3. Nd2 c5 4. exd5 exd5 5. dxc5 Bxc5 6. Ngf3 Nc6 7. Bd3 Nge7
8. O-O O-O 9. Nb3 Bb6 10. Bg5 h6 11. Bh4 Bg4 12. h3 Be6 13. c3 Qd7 14. Bxe7
Qxe7 15. Bc2 Qf6 16. Nbd4 Rad8 17. Qd3 g6 18. Rad1 Rfe8 19. Rfe1 Kg7 20. Rd2
Bd7 21. Rde2 Rxe2 22. Rxe2 a6 23. Rd2 Ne7 24. Bb3 Bc8 25. Qe2 Nc6 26. Nxc6 bxc6
27. Qe5 Qxe5 28. Nxe5 Bb7 29. Bc2 c5 30. b4 d4 31. cxd4 cxb4 32. Bb3 f6 33. Nd3
Rxd4 34. Re2 Re4 35. Rxe4 Bxe4 36. Nxb4 a5 37. Nd5 Bxd5 38. Bxd5 1/2-1/2

[Event "31.Schlosspark-Open"]
[Site "Wiesbaden-Biebrich"]
[Date "2019.08.25"]
[Round "7.19"]
[White "Foerster-Yialamas, Lucas"]
[Black "Bollmann, Henrik"]
[Result "1/2-1/2"]
[WhiteElo "2056"]
[BlackElo "2096"]
[PlyCount "99"]
[EventDate "2019.??.??"]
[WhiteTeam "Frankfurter TV"]
[BlackTeam "SC Bad Nauheim"]

1. e4 c5 2. Nf3 e6 3. d4 cxd4 4. Nxd4 a6 5. Bd3 g6 6. Be3 Bg7 7. O-O Nc6 8. Be2
Nge7 9. c4 d5 10. exd5 exd5 11. Nc3 dxc4 12. Nxc6 Nxc6 13. Qxd8+ Nxd8 14. Bxc4
O-O 15. Rad1 Nc6 16. Rfe1 Bf5 17. h3 h5 18. a3 Rac8 19. Ba2 Rfe8 20. Rd2 Ne5
21. Red1 Nc4 22. Bxc4 Rxc4 23. Rd8 Rc8 24. Rxe8+ Rxe8 25. Bd4 Bc2 26. Rd2 Rd8
27. Rxc2 Rxd4 28. Kf1 Kf8 29. Ke2 Ke7 30. Ke3 Rd7 31. h4 Bf6 32. g3 Bg7 33. Ne4
Bh6+ 34. f4 Bg7 35. b4 Bd4+ 36. Ke2 Bb6 37. Nc5 Rc7 38. Kd3 Bxc5 39. Rxc5 Rxc5
40. bxc5 Kd7 41. Kd4 Kc6 42. Kc4 Kd7 43. Kd5 a5 44. a4 Kc7 45. Ke5 Kc6 46. Kd4
Kd7 47. Kd3 Kc7 48. Kc3 Kd7 49. Kd4 Kc7 50. Kc4 1/2-1/2

[Event "31.Schlosspark-Open"]
[Site "Wiesbaden-Biebrich"]
[Date "2019.08.25"]
[Round "7.20"]
[White "Iliev, Mustafa Batuhan"]
[Black "Dietze, Frank"]
[Result "0-1"]
[WhiteElo "2028"]
[BlackElo "2096"]
[PlyCount "126"]
[EventDate "2019.??.??"]
[WhiteTeam "SV Großauheim"]
[BlackTeam "vereinslos"]

{[%evp 0,94,29,28,72,78,81,62,80,40,32,30,48,18,18,11,-2,0,15,15,22,25,10,11,6,
6,5,6,27,4,5,16,9,3,29,13,8,18,25,20,27,25,27,50,65,30,36,28,28,20,37,32,37,
-18,7,0,25,40,35,10,0,-12,-21,-21,-21,-8,-16,-21,42,-20,-6,-13,2,3,0,6,51,24,
69,49,59,43,71,58,98,-19,-17,-202,-136,-153,-158,-139,-134,-176,-130,-100,-94]
} 1. e4 c5 2. Nf3 d6 3. d4 cxd4 4. Nxd4 Nf6 5. Nc3 a6 6. a4 e5 7. Nb3 Be6 8.
Be2 Be7 9. Be3 Nbd7 10. a5 Rc8 11. Qd2 O-O 12. O-O Qc7 13. Rfd1 Qc6 14. Bf3
Rfd8 15. Qe1 Re8 16. Nc1 Nc5 17. Nd3 Nxd3 18. Rxd3 h6 19. h3 Qd7 20. Qd1 Rc4
21. b3 Rc6 22. Nd5 Bxd5 23. exd5 Rcc8 24. Ra4 Qf5 25. Rd2 Rc3 26. Rc4 Rc8 27.
Be2 Bd8 28. Qa1 R3xc4 29. Bxc4 Qd7 30. Ba7 Ne4 31. Re2 f5 32. Qe1 Kh8 33. Kh1
Bh4 34. Qb4 Be7 35. Kg1 Rf8 36. Re1 Bg5 37. Rd1 Bf6 38. Bf1 Bd8 39. c4 Be7 40.
Qe1 Ng5 41. b4 f4 42. Qc3 f3 43. h4 fxg2 44. Bxg2 Qg4 45. Rd3 Qxh4 46. Rg3 Rf4
47. c5 Rc4 48. Qe1 e4 49. Bb8 Qf4 50. Qe3 Rc1+ 51. Bf1 Qxe3 52. Rxe3 dxc5 53.
d6 Bd8 54. f4 Nf3+ 55. Kg2 Nh4+ 56. Kg1 cxb4 57. Rxe4 Bxa5 58. Rc4 Bb6+ 59. Kh2
Rxf1 60. Bc7 Bg1+ 61. Kh3 Bf2 62. Kh2 Rg1 63. Kh3 Nf3 0-1

[Event "31.Schlosspark-Open"]
[Site "Wiesbaden-Biebrich"]
[Date "2019.08.25"]
[Round "7.21"]
[White "Pauls, Wilhelm"]
[Black "Heinemann, Ernst"]
[Result "0-1"]
[WhiteElo "1995"]
[BlackElo "2088"]
[PlyCount "80"]
[EventDate "2019.??.??"]
[WhiteTeam "SG Kaarst"]
[BlackTeam "SK Oldenburg"]

1. e4 c6 2. d4 d5 3. exd5 cxd5 4. c4 Nf6 5. Nc3 g6 6. Qb3 Bg7 7. cxd5 O-O 8.
Be2 e6 9. d6 Qxd6 10. Nf3 b6 11. O-O Bb7 12. Nb5 Qd8 13. Qa3 Ne8 14. Bg5 f6 15.
Bd2 a6 16. Nc3 Nc7 17. Rfe1 b5 18. Rac1 Nd5 19. Nxd5 Bxd5 20. Ba5 Qe8 21. Rc7
Nc6 22. Rc1 Nxa5 23. Qxa5 Bh6 24. Re1 Qd8 25. b4 Rf7 26. Rc2 Qxa5 27. bxa5 Rff8
28. Nd2 Rac8 29. Rec1 Rxc2 30. Rxc2 Bxd2 31. Rxd2 Rc8 32. f3 Rc1+ 33. Kf2 Ra1
34. Rc2 Rxa2 35. Rxa2 Bxa2 36. Ke3 Kf7 37. d5 e5 38. f4 Bxd5 39. fxe5 fxe5 40.
Bg4 Bb7 0-1

[Event "31.Schlosspark-Open"]
[Site "Wiesbaden-Biebrich"]
[Date "2019.08.25"]
[Round "7.22"]
[White "Neukirchner, Pascal"]
[Black "Tremoehlen, Thomas"]
[Result "1-0"]
[WhiteElo "2328"]
[BlackElo "1989"]
[PlyCount "81"]
[EventDate "2019.??.??"]
[WhiteTeam "SK Gründau"]
[BlackTeam "SG Kaarst"]

1. d4 Nf6 2. c4 g6 3. f3 Bg7 4. e4 d6 5. Nc3 O-O 6. Bg5 c6 7. Qd2 Nbd7 8. Nge2
e5 9. d5 c5 10. g4 h6 11. Be3 Nb6 12. Ng3 Bxg4 13. fxg4 Nxg4 14. Rg1 Qh4 15.
Bf2 Nxh2 16. Be2 Nxc4 17. Qd3 b5 18. Nf1 Qf4 19. Bg3 Nxb2 20. Qc2 Nf3+ 21. Bxf3
Qxf3 22. Qxb2 b4 23. Ne2 Qxe4 24. Rd1 a5 25. Bf2 g5 26. Ne3 Qg6 27. Qb1 Qxb1
28. Rxb1 f5 29. Nc4 Rf6 30. a4 Kh7 31. Rb3 Kg6 32. Rh3 f4 33. Nc1 Kf5 34. Nb3
Rg6 35. Nbxa5 g4 36. Rh5+ Ke4 37. Ke2 f3+ 38. Kd2 Kxd5 39. Nb6+ Ke6 40. Nxa8 e4
41. Nc7+ 1-0

[Event "31.Schlosspark-Open"]
[Site "Wiesbaden-Biebrich"]
[Date "2019.08.25"]
[Round "7.23"]
[White "Goldt, Rainer"]
[Black "Rolf, Marco"]
[Result "1/2-1/2"]
[WhiteElo "1956"]
[BlackElo "2133"]
[PlyCount "32"]
[EventDate "2019.??.??"]
[WhiteTeam "Kreuznacher SV"]
[BlackTeam "SK Gernsheim"]

1. e4 e6 2. d4 d5 3. Nc3 Nf6 4. Bg5 dxe4 5. Nxe4 Be7 6. Bxf6 gxf6 7. Nf3 f5 8.
Ng3 c5 9. Bb5+ Bd7 10. Bxd7+ Qxd7 11. dxc5 Qxd1+ 12. Rxd1 Nc6 13. O-O Rd8 14.
Rxd8+ Kxd8 15. Rd1+ Kc7 16. c3 a5 1/2-1/2